Evaluation of the sensitivity of inventory and monitoring national parks to nutrient enrichment effects from atmospheric nitrogen deposition. Pacific Island Network (PACN) /

Bibliographic Details
Main Author: Sullivan, Timothy J. (Timothy Joseph), 1950- (Author)
Format: Government Document eBook
Language:English
Published: Denver, Colorado : U.S. Department of the Interior, National Park Service, Natural Resource Program Center, 2011.
Series:Natural resources report ; 2011/323.
Subjects:
Online Access:https://purl.fdlp.gov/GPO/gpo135901

MARC

Tag First Indicator Second Indicator Subfields
LEADER 00000cam a2200000 i 4500
001 in00004166521
005 20211120104815.0
006 m o d f
007 cr |||||||||||
008 200415s2011 couab ob f000 0 eng c
035 |a (OCoLC)on1150888394 
042 |a pcc 
043 |a poup--- 
040 |a GPO  |b eng  |e rda  |e pn  |c GPO  |d MvI 
049 |a WWW 
074 |a 0646-R (online) 
086 0 |a I 29.89:2011/323 
088 |a NPS 963/106687 
100 1 |a Sullivan, Timothy J.  |q (Timothy Joseph),  |d 1950-  |e author. 
245 1 0 |a Evaluation of the sensitivity of inventory and monitoring national parks to nutrient enrichment effects from atmospheric nitrogen deposition.  |p Pacific Island Network (PACN) /  |c T. J. Sullivan [and four others]. 
246 3 0 |a Pacific Island Network (PACN) 
264 1 |a Denver, Colorado :  |b U.S. Department of the Interior, National Park Service, Natural Resource Program Center,  |c 2011. 
300 |a 1 online resource (approximately 30 pages) :  |b color illustrations, color maps. 
336 |a text  |b txt  |2 rdacontent 
337 |a computer  |b c  |2 rdamedia 
338 |a online resource  |b cr  |2 rdacarrier 
490 1 |a Natural resource report ;  |v NPS/NRPC/ARD/NRR--2011/323 
500 |a "NPS 963/106687, February 2011"--Page ii. 
500 |a "Experience your America"--Page 4 of cover. 
504 |a Includes bibliographical references. 
588 |a Description based on online resource; title from PDF title page (NPS website, viewed April 15, 2020). 
610 2 0 |a Pacific Island Network. 
651 0 |a Pacific Islands (Trust Territory) 
650 0 |a Atmospheric nitrogen dioxide  |x Counting  |z Pacific Islands (Trust Territory) 
650 0 |a Environmental monitoring  |z Pacific Islands (Trust Territory) 
650 0 |a Acidification. 
650 0 |a Atmospherics. 
710 2 |a Natural Resource Program Center (U.S.),  |e issuing body. 
830 0 |a Natural resources report ;  |v 2011/323. 
856 4 0 |u https://purl.fdlp.gov/GPO/gpo135901  |t 0 
999 f f |s a6482243-95c1-3195-9c2e-53dd7e243a77  |i 4b7d213e-52fc-3e13-afc4-7f4be4d68757  |t 0 
952 f f |a Texas A&M University  |b College Station  |c Electronic Resources  |d Available Online  |t 0  |e I 29.89:2011/323  |h Superintendent of Documents classification 
998 f f |a I 29.89:2011/323  |t 0  |l Available Online